[Event "12th Capablanca Memorial"]
[Site "Cienfuegos CUB"]
[Date "1975.03.07"]
[Round "3"]
[White "Garcia Martinez, Silvino"]
[Black "Forintos, Gyozo"]
[Result "1/2-1/2"]
[WhiteElo "2445"]
[BlackElo "2490"]
[EventDate "1975.03.05"]
[WhiteFideId "-1"]
[BlackFideId "-1"]
[PlyCount "25"]
[Beauty "6597069766660"]
[GameId "272191863016"]
[EventType "tourn"]
[EventRounds "17"]
[EventCountry "CUB"]
[EventCategory "8"]
[SourceTitle "EXT 1998"]
[Source "ChessBase"]
[SourceDate "1997.11.17"]
[SourceVersion "1"]
[SourceVersionDate "1997.11.17"]
[SourceQuality "1"]

1.d4 d5 2.c4 c6 3.Nf3 Nf6 4.cxd5 cxd5 5.Nc3 e6 6.Bf4 Bd6 7.Bxd6 Qxd6 8.e3 
O-O 9.Rc1 Nc6 10.Bb5 Bd7 11.O-O Rfc8 12.Qe2 Rc7 13.Bxc6 1/2-1/2

[Event "12th Capablanca Memorial"]
[Site "Cienfuegos CUB"]
[Date "1975.03.07"]
[Round "3"]
[White "Hernandez, Jose de Jesus"]
[Black "Razuvaev, Yury"]
[Result "0-1"]
[WhiteElo "2310"]
[BlackElo "2510"]
[EventDate "1975.03.05"]
[WhiteFideId "-1"]
[BlackFideId "-1"]
[PlyCount "98"]
[Beauty "7010728807432"]
[GameId "272191863017"]
[EventType "tourn"]
[EventRounds "17"]
[EventCountry "CUB"]
[EventCategory "8"]
[SourceTitle "EXT 1998"]
[Source "ChessBase"]
[SourceDate "1997.11.17"]
[SourceVersion "1"]
[SourceVersionDate "1997.11.17"]
[SourceQuality "1"]

1.d4 Nf6 2.c4 g6 3.Nc3 d5 4.cxd5 Nxd5 5.e4 Nxc3 6.bxc3 Bg7 7.Bc4 O-O 8.Ne2
Nc6 9.Be3 Na5 10.Bd3 c5 11.O-O b6 12.Rc1 cxd4 13.cxd4 e6 14.Qa4 Bd7 15.Qa3
Re8 16.Qd6 Bf8 17.Qg3 Nc6 18.Rfd1 Nb4 19.Bc4 Ba4 20.Bb3 Bxb3 21.axb3 Rc8 
22.Bd2 Qd7 23.h4 Rxc1 24.Rxc1 Rc8 25.Rxc8 Qxc8 26.Qc3 Qb7 27.Ng3 a5 28.h5 
b5 29.h6 Qc6 30.Qa1 Qc2 31.Bxb4 Bxb4 32.d5 Qc3 33.Qxc3 Bxc3 34.Ne2 Bb2 35.
Nf4 a4 36.dxe6 fxe6 37.bxa4 bxa4 38.Nd3 a3 39.Nb4 Bc1 40.g3 Bxh6 41.f4 Kf7
42.Kf2 e5 43.Kf3 exf4 44.gxf4 Bf8 45.Na2 h5 46.Nc3 Bb4 47.Na2 Bd2 48.Kg3 
Kf6 49.Kf3 g5 0-1

[Event "12th Capablanca Memorial"]
[Site "Cienfuegos CUB"]
[Date "1975.03.07"]
[Round "3"]
[White "Jansa, Vlastimil"]
[Black "Diaz Diaz, Joaquin"]
[Result "1/2-1/2"]
[WhiteElo "2540"]
[BlackElo "2335"]
[EventDate "1975.03.05"]
[WhiteFideId "-1"]
[BlackFideId "-1"]
[PlyCount "90"]
[Beauty "5841558176263"]
[GameId "272191863018"]
[EventType "tourn"]
[EventRounds "17"]
[EventCountry "CUB"]
[EventCategory "8"]
[SourceTitle "EXT 1998"]
[Source "ChessBase"]
[SourceDate "1997.11.17"]
[SourceVersion "1"]
[SourceVersionDate "1997.11.17"]
[SourceQuality "1"]

1.g3 g6 2.Bg2 Bg7 3.c4 c5 4.Nc3 Nc6 5.a3 a6 6.Rb1 Rb8 7.b4 cxb4 8.axb4 b5 
9.cxb5 axb5 10.Nf3 Nf6 11.d4 d5 12.Bf4 Rb6 13.Qb3 O-O 14.O-O Bf5 15.Rbc1 
Ne4 16.Rfd1 Nxc3 17.Rxc3 Be4 18.Ne5 Nxe5 19.Bxe5 Bxe5 20.dxe5 Bxg2 21.Kxg2
e6 22.Rc5 Qg5 23.f4 Qf5 24.Qf3 g5 25.Ra1 gxf4 26.Qxf4 Qxf4 27.gxf4 f6 28.
Ra7 fxe5 29.fxe5 Rf7 30.Rcc7 Rxc7 31.Rxc7 Ra6 32.Rb7 Ra3 33.Kf2 Rh3 34.
Rxb5 Rxh2+ 35.Ke3 Kf7 36.Rb8 Rh4 37.b5 Ke7 38.Rb7+ Kd8 39.b6 Kc8 40.Rc7+ 
Kb8 41.Kf3 Re4 42.Rxh7 Rxe5 43.e3 Re4 44.Re7 Ka8 45.Ke2 Kb8 1/2-1/2

[Event "12th Capablanca Memorial"]
[Site "Cienfuegos CUB"]
[Date "1975.03.07"]
[Round "3"]
[White "Sigurjonsson, Gudmundur"]
[Black "Ermenkov, Evgeny"]
[Result "1/2-1/2"]
[WhiteElo "2475"]
[BlackElo "2450"]
[EventDate "1975.03.05"]
[WhiteFideId "-1"]
[BlackFideId "-1"]
[PlyCount "73"]
[Beauty "6326084207113"]
[GameId "272191863019"]
[EventType "tourn"]
[EventRounds "17"]
[EventCountry "CUB"]
[EventCategory "8"]
[SourceTitle "EXT 1998"]
[Source "ChessBase"]
[SourceDate "1997.11.17"]
[SourceVersion "1"]
[SourceVersionDate "1997.11.17"]
[SourceQuality "1"]

1.e4 c5 2.Nf3 Nc6 3.d4 cxd4 4.Nxd4 Nf6 5.Nc3 d6 6.f4 e6 7.Be3 Be7 8.Be2 
O-O 9.O-O Bd7 10.Nb3 Qc7 11.Bf3 Na5 12.e5 Ne8 13.Nxa5 Qxa5 14.Bxb7 Rb8 15.
Bf3 Rxb2 16.Qd2 Ba4 17.Nd5 Bd8 18.Ne7+ Kh8 19.Qxa5 Bxa5 20.c4 Bc7 21.Bc6 
Rb4 22.Rac1 Bxc6 23.Nxc6 Ra4 24.Rc2 f6 25.Bd4 Kg8 26.Re1 fxe5 27.fxe5 Rf4 
28.exd6 Nxd6 29.c5 Nf5 30.Be5 Bxe5 31.Nxe5 Rfe4 32.Rce2 Rxe2 33.Rxe2 Ra5 
34.Rc2 Kf8 35.Kf2 Ke7 36.Nd3 Kd8 37.Rb2 1/2-1/2

[Event "12th Capablanca Memorial"]
[Site "Cienfuegos CUB"]
[Date "1975.03.07"]
[Round "3"]
[White "Triana, Justo"]
[Black "Sydor, Andrzej"]
[Result "1/2-1/2"]
[WhiteElo "2310"]
[BlackElo "2395"]
[EventDate "1975.03.05"]
[WhiteFideId "-1"]
[BlackFideId "-1"]
[PlyCount "45"]
[Beauty "6598546163209"]
[GameId "272191863020"]
[EventType "tourn"]
[EventRounds "17"]
[EventCountry "CUB"]
[EventCategory "8"]
[SourceTitle "EXT 1998"]
[Source "ChessBase"]
[SourceDate "1997.11.17"]
[SourceVersion "1"]
[SourceVersionDate "1997.11.17"]
[SourceQuality "1"]

1.e4 e5 2.Nf3 Nc6 3.Bb5 a6 4.Ba4 Nf6 5.d3 d6 6.c3 g6 7.Nbd2 Bg7 8.Nf1 O-O 
9.Bg5 h6 10.Bh4 Ne7 11.Qe2 Nh5 12.Ne3 Nf4 13.Qd2 c6 14.d4 Qc7 15.Bb3 Kh7 
16.dxe5 dxe5 17.O-O-O f5 18.Qd6 Qxd6 19.Rxd6 g5 20.Bxg5 hxg5 21.Nxg5+ Kh8 
22.Nf7+ Kh7 23.Ng5+ 1/2-1/2

[Event "12th Capablanca Memorial"]
[Site "Cienfuegos CUB"]
[Date "1975.03.07"]
[Round "3"]
[White "Vasiukov, Evgeny"]
[Black "Lebredo Zarragoitia, Gerardo"]
[Result "1-0"]
[WhiteElo "2560"]
[BlackElo "2335"]
[EventDate "1975.03.05"]
[WhiteFideId "-1"]
[BlackFideId "-1"]
[PlyCount "85"]
[Beauty "7492457207329"]
[GameId "272191862996"]
[EventType "tourn"]
[EventRounds "17"]
[EventCountry "CUB"]
[EventCategory "8"]
[SourceTitle "EXT 1998"]
[Source "ChessBase"]
[SourceDate "1997.11.17"]
[SourceVersion "1"]
[SourceVersionDate "1997.11.17"]
[SourceQuality "1"]

1.e4 c5 2.Nf3 Nc6 3.Bb5 e6 4.O-O Nge7 5.c3 Ng6 6.d4 cxd4 7.cxd4 d5 8.e5 
Be7 9.Nc3 O-O 10.Re1 Bd7 11.g3 f6 12.exf6 Bxf6 13.Bf1 Rf7 14.Bg2 Qf8 15.
Be3 Na5 16.b3 Rc8 17.Rc1 b5 18.h4 Nb7 19.h5 Ne7 20.Bf4 Nf5 21.Qd3 a6 22.
Be5 Nbd6 23.Bxf6 gxf6 24.Ne2 Ne4 25.Bh3 Nfd6 26.Rxc8 Bxc8 27.Rc1 Qd8 28.
Nf4 Rc7 29.Qe3 Kf7 30.Nd3 Rxc1+ 31.Qxc1 Kg8 32.Nf4 Qe8 33.h6 e5 34.dxe5 
fxe5 35.Bxc8 exf4 36.Qc7 Qf8 37.Be6+ Kh8 38.Bxd5 fxg3 39.Bxe4 gxf2+ 40.Kf1
Nxe4 41.Qe5+ Nf6 42.Ng5 Kg8 43.Qe6+ 1-0

[Event "12th Capablanca Memorial"]
[Site "Cienfuegos CUB"]
[Date "1975.03.07"]
[Round "3"]
[White "Vogt, Lothar"]
[Black "Balashov, Yury"]
[Result "0-1"]
[WhiteElo "2450"]
[BlackElo "2540"]
[EventDate "1975.03.05"]
[WhiteFideId "-1"]
[BlackFideId "-1"]
[PlyCount "102"]
[Beauty "6942680416264"]
[GameId "272191863021"]
[EventType "tourn"]
[EventRounds "17"]
[EventCountry "CUB"]
[EventCategory "8"]
[SourceTitle "EXT 1998"]
[Source "ChessBase"]
[SourceDate "1997.11.17"]
[SourceVersion "1"]
[SourceVersionDate "1997.11.17"]
[SourceQuality "1"]

1.Nf3 e6 2.g3 d5 3.Bg2 c5 4.O-O Nc6 5.d3 Bd6 6.e4 Nge7 7.Re1 Bc7 8.exd5 
Nxd5 9.Nbd2 O-O 10.Nb3 Bb6 11.Bd2 Re8 12.c4 Ndb4 13.d4 cxd4 14.c5 Bc7 15.
Bxb4 Nxb4 16.Nfxd4 a5 17.Nb5 Bd7 18.a4 Bc6 19.Qxd8 Bxd8 20.Nd6 Re7 21.Nd4 
Bxg2 22.Kxg2 Nd3 23.Reb1 Nxc5 24.b4 axb4 25.Rxb4 Rd7 26.N6b5 e5 27.Nb3 
Nxb3 28.Rxb3 f5 29.Ra2 Rc8 30.Rc3 Rxc3 31.Nxc3 Ba5 32.Nb5 Kf7 33.Rb2 Ke6 
34.Na3 Rc7 35.Nc2 b6 36.Ne3 Rc3 37.Rb5 g6 38.h3 Rc6 39.Kf3 e4+ 40.Ke2 Rc1 
41.f3 exf3+ 42.Kxf3 Rc3 43.Kf2 Kd6 44.Rd5+ Kc6 45.Rd8 Bb4 46.Nd5 Bc5+ 47.
Kg2 Ra3 48.Nf4 Ra2+ 49.Kh1 Rxa4 50.Rc8+ Kd6 51.Rd8+ Ke5 0-1

[Event "12th Capablanca Memorial"]
[Site "Cienfuegos CUB"]
[Date "1975.03.08"]
[Round "4"]
[White "Andersson, Ulf"]
[Black "Garcia Martinez, Silvino"]
[Result "1/2-1/2"]
[WhiteElo "2565"]
[BlackElo "2445"]
[EventDate "1975.03.05"]
[WhiteFideId "-1"]
[BlackFideId "-1"]
[PlyCount "33"]
[Beauty "6598948814854"]
[GameId "272191863022"]
[EventType "tourn"]
[EventRounds "17"]
[EventCountry "CUB"]
[EventCategory "8"]
[SourceTitle "EXT 1998"]
[Source "ChessBase"]
[SourceDate "1997.11.17"]
[SourceVersion "1"]
[SourceVersionDate "1997.11.17"]
[SourceQuality "1"]

1.c4 g6 2.Nf3 Bg7 3.Nc3 c5 4.e3 Nf6 5.Be2 O-O 6.O-O Nc6 7.a3 d5 8.cxd5 
Nxd5 9.Qc2 b6 10.d3 Bb7 11.Rb1 Rc8 12.Nxd5 Qxd5 13.b3 Rfd8 14.Rd1 Ne5 15.
Bb2 Nxf3+ 16.Bxf3 Qd7 17.Bxb7 1/2-1/2

[Event "12th Capablanca Memorial"]
[Site "Cienfuegos CUB"]
[Date "1975.03.08"]
[Round "4"]
[White "Balashov, Yury"]
[Black "Sigurjonsson, Gudmundur"]
[Result "1/2-1/2"]
[WhiteElo "2540"]
[BlackElo "2475"]
[EventDate "1975.03.05"]
[WhiteFideId "-1"]
[BlackFideId "-1"]
[PlyCount "46"]
[Beauty "6597875073065"]
[GameId "272191862961"]
[EventType "tourn"]
[EventRounds "17"]
[EventCountry "CUB"]
[EventCategory "8"]
[SourceTitle "EXT 1998"]
[Source "ChessBase"]
[SourceDate "1997.11.17"]
[SourceVersion "1"]
[SourceVersionDate "1997.11.17"]
[SourceQuality "1"]

1.e4 g6 2.d4 Bg7 3.Nc3 d6 4.f4 Nf6 5.Nf3 c5 6.Bb5+ Bd7 7.e5 Ng4 8.e6 Bxb5 
9.exf7+ Kd7 10.Nxb5 Qa5+ 11.Nc3 cxd4 12.Nxd4 Bxd4 13.Qxd4 Nc6 14.Qc4 Rhf8 
15.Bd2 Rac8 16.Qe2 Qf5 17.h3 Nf6 18.g4 Qe6 19.Qxe6+ Kxe6 20.O-O-O Rxf7 21.
Rhe1+ Kd7 22.Ne4 Nxe4 23.Rxe4 Rf6 1/2-1/2

[Event "12th Capablanca Memorial"]
[Site "Cienfuegos CUB"]
[Date "1975.03.08"]
[Round "4"]
[White "Diaz Diaz, Joaquin"]
[Black "Razuvaev, Yury"]
[Result "0-1"]
[WhiteElo "2335"]
[BlackElo "2510"]
[EventDate "1975.03.05"]
[WhiteFideId "-1"]
[BlackFideId "-1"]
[PlyCount "102"]
[Beauty "6943951296035"]
[GameId "272191862966"]
[EventType "tourn"]
[EventRounds "17"]
[EventCountry "CUB"]
[EventCategory "8"]
[SourceTitle "EXT 1998"]
[Source "ChessBase"]
[SourceDate "1997.11.17"]
[SourceVersion "1"]
[SourceVersionDate "1997.11.17"]
[SourceQuality "1"]

1.e4 e5 2.Nf3 Nc6 3.Bb5 d6 4.d4 Bd7 5.O-O exd4 6.Nxd4 g6 7.Be3 Bg7 8.Nc3 
Nf6 9.f3 O-O 10.Qd2 Re8 11.Rfe1 a6 12.Nxc6 Bxc6 13.Bxc6 bxc6 14.Na4 Qb8 
15.Rad1 a5 16.b3 Nd7 17.Bf2 Re6 18.Kh1 Qb7 19.Qd3 Rae8 20.Rf1 Qb5 21.c4 
Qh5 22.c5 Ne5 23.Qe2 f5 24.cxd6 cxd6 25.exf5 gxf5 26.Bd4 Ng6 27.Qc4 d5 28.
Qc3 Bxd4 29.Rxd4 Qg5 30.Rd2 Nf4 31.Rdf2 Ne2 32.Qxa5 Rh6 33.Rxe2 Rxe2 34.
Qa8+ Kg7 35.Qa7+ Kg6 36.Qg1 Kh5 37.Nc5 Rxa2 38.Re1 Rg6 39.g4+ fxg4 40.Qg3 
Rf6 41.Ne6 Rxe6 42.Rxe6 Ra1+ 43.Re1 Rxe1+ 44.Qxe1 gxf3 45.Qe8+ Kg4 46.Qxc6
Qf5 47.Qc1 f2 48.h3+ Kg3 49.Qc7+ Kxh3 50.Qc3+ Kg4 51.Qg7+ Kh5 0-1

[Event "12th Capablanca Memorial"]
[Site "Cienfuegos CUB"]
[Date "1975.03.08"]
[Round "4"]
[White "Ermenkov, Evgeny"]
[Black "Triana, Justo"]
[Result "1-0"]
[WhiteElo "2450"]
[BlackElo "2310"]
[EventDate "1975.03.05"]
[WhiteFideId "-1"]
[BlackFideId "-1"]
[PlyCount "45"]
[Beauty "8249558453824"]
[GameId "272191862969"]
[EventType "tourn"]
[EventRounds "17"]
[EventCountry "CUB"]
[EventCategory "8"]
[SourceTitle "EXT 1998"]
[Source "ChessBase"]
[SourceDate "1997.11.17"]
[SourceVersion "1"]
[SourceVersionDate "1997.11.17"]
[SourceQuality "1"]

1.e4 c5 2.Nf3 d6 3.Nc3 Nc6 4.d4 cxd4 5.Nxd4 Nf6 6.Bc4 e6 7.Be3 a6 8.Bb3 
Be7 9.Qe2 Qc7 10.O-O-O O-O 11.g4 Nd7 12.g5 Nc5 13.Qh5 b5 14.Rhg1 Re8 15.
Nxc6 Nxb3+ 16.axb3 Qxc6 17.Bd4 b4 18.Bxg7 bxc3 19.g6 fxg6 20.Rxg6 hxg6 21.
Qxg6 Bg5+ 22.Qxg5 Re7 23.Rg1 1-0

[Event "12th Capablanca Memorial"]
[Site "Cienfuegos CUB"]
[Date "1975.03.08"]
[Round "4"]
[White "Forintos, Gyozo"]
[Black "Hernandez, Jose de Jesus"]
[Result "1-0"]
[WhiteElo "2490"]
[BlackElo "2310"]
[EventDate "1975.03.05"]
[WhiteFideId "-1"]
[BlackFideId "-1"]
[PlyCount "113"]
[Beauty "6597472419900"]
[GameId "272191863023"]
[EventType "tourn"]
[EventRounds "17"]
[EventCountry "CUB"]
[EventCategory "8"]
[SourceTitle "EXT 1998"]
[Source "ChessBase"]
[SourceDate "1997.11.17"]
[SourceVersion "1"]
[SourceVersionDate "1997.11.17"]
[SourceQuality "1"]

1.d4 e5 2.dxe5 d6 3.Nf3 Bg4 4.Bf4 Nc6 5.exd6 Qf6 6.d7+ Bxd7 7.Qc1 Bd6 8.
Bxd6 Qxd6 9.Qd2 Qg6 10.Na3 O-O-O 11.Qf4 Nge7 12.e3 Rhe8 13.Bc4 Be6 14.O-O 
Bxc4 15.Qxc4 Nf5 16.Rfd1 Nd6 17.Qf1 Qf6 18.c3 g5 19.Nb5 g4 20.Nxd6+ Rxd6 
21.Rxd6 Qxd6 22.Nd4 Ne5 23.Qb1 Rd8 24.b4 Qg6 25.a4 Kb8 26.a5 Qxb1+ 27.Rxb1
Rd6 28.Rd1 Kc8 29.e4 Nd7 30.Rb1 a6 31.f3 gxf3 32.gxf3 c5 33.bxc5 Nxc5 34.
h4 Ne6 35.Rb4 Nxd4 36.cxd4 Rh6 37.Kg2 Rxh4 38.Rb6 Rh5 39.Rf6 Rxa5 40.Rxf7 
h5 41.Kg3 b5 42.e5 b4 43.e6 Kd8 44.Rd7+ Ke8 45.d5 b3 46.d6 Rd5 47.f4 b2 
48.Rb7 Rxd6 49.f5 Rd5 50.f6 Rb5 51.Rg7 Kd8 52.Rd7+ Kc8 53.f7 Rg5+ 54.Kh3 
Rf5 55.Rd1 b1=Q 56.Rxb1 Kd8 57.Rb7 1-0

[Event "12th Capablanca Memorial"]
[Site "Cienfuegos CUB"]
[Date "1975.03.08"]
[Round "4"]
[White "Jansa, Vlastimil"]
[Black "Vasiukov, Evgeny"]
[Result "1/2-1/2"]
[WhiteElo "2540"]
[BlackElo "2560"]
[EventDate "1975.03.05"]
[WhiteFideId "-1"]
[BlackFideId "-1"]
[PlyCount "33"]
[Beauty "6597338202118"]
[GameId "272191863024"]
[EventType "tourn"]
[EventRounds "17"]
[EventCountry "CUB"]
[EventCategory "8"]
[SourceTitle "EXT 1998"]
[Source "ChessBase"]
[SourceDate "1997.11.17"]
[SourceVersion "1"]
[SourceVersionDate "1997.11.17"]
[SourceQuality "1"]

1.e4 c5 2.Nf3 e6 3.d4 cxd4 4.Nxd4 a6 5.Bd3 Ne7 6.Nc3 Nec6 7.Nb3 d6 8.O-O 
Nd7 9.f4 Be7 10.Qf3 O-O 11.Be3 Qc7 12.Qh3 Nb4 13.Rac1 b5 14.a3 Nxd3 15.
cxd3 Qd8 16.Nd4 Bb7 17.b4 1/2-1/2

[Event "12th Capablanca Memorial"]
[Site "Cienfuegos CUB"]
[Date "1975.03.08"]
[Round "4"]
[White "Lebredo Zarragoitia, Gerardo"]
[Black "Vogt, Lothar"]
[Result "0-1"]
[WhiteElo "2335"]
[BlackElo "2450"]
[EventDate "1975.03.05"]
[WhiteFideId "-1"]
[BlackFideId "-1"]
[PlyCount "60"]
[Beauty "8248082038791"]
[GameId "272191863025"]
[EventType "tourn"]
[EventRounds "17"]
[EventCountry "CUB"]
[EventCategory "8"]
[SourceTitle "EXT 1998"]
[Source "ChessBase"]
[SourceDate "1997.11.17"]
[SourceVersion "1"]
[SourceVersionDate "1997.11.17"]
[SourceQuality "1"]

1.Nf3 Nf6 2.b3 g6 3.Bb2 Bg7 4.g3 O-O 5.Bg2 d6 6.d4 c6 7.O-O Qa5 8.h3 Nbd7 
9.Nbd2 d5 10.c4 Ne4 11.a3 Ndf6 12.b4 Qd8 13.cxd5 cxd5 14.Nb3 b6 15.Nc1 Ne8
16.Nd3 N8d6 17.Bc1 e6 18.Bf4 Bb7 19.Be5 f6 20.Bxd6 Qxd6 21.Rc1 a5 22.Qb3 
axb4 23.axb4 Bc6 24.b5 Bd7 25.Ra1 Rfc8 26.Ra6 Rab8 27.Rc1 Rxc1+ 28.Nxc1 
Qc7 29.Na2 Nd6 30.Nc3 Rc8 0-1

[Event "12th Capablanca Memorial"]
[Site "Cienfuegos CUB"]
[Date "1975.03.08"]
[Round "4"]
[White "Pesantes Carbajal, Carlos"]
[Black "Garcia Gonzales, Guillermo"]
[Result "1/2-1/2"]
[WhiteElo "2330"]
[BlackElo "2485"]
[EventDate "1975.03.05"]
[WhiteFideId "-1"]
[BlackFideId "-1"]
[PlyCount "83"]
[Beauty "6052703638538"]
[GameId "272191863026"]
[EventType "tourn"]
[EventRounds "17"]
[EventCountry "CUB"]
[EventCategory "8"]
[SourceTitle "EXT 1998"]
[Source "ChessBase"]
[SourceDate "1997.11.17"]
[SourceVersion "1"]
[SourceVersionDate "1997.11.17"]
[SourceQuality "1"]

1.d4 Nf6 2.c4 c5 3.d5 g6 4.Nc3 d6 5.e4 Bg7 6.Nf3 O-O 7.Be2 e6 8.O-O Re8 9.
Qc2 exd5 10.cxd5 a6 11.a4 Bg4 12.h3 Bxf3 13.Bxf3 Nbd7 14.Rb1 Rc8 15.b3 Qe7
16.Bd2 h6 17.Rbe1 c4 18.b4 a5 19.bxa5 Nc5 20.Nb5 Nd3 21.Re3 Nd7 22.Bg4 h5 
23.Bxd7 Qxd7 24.Bc3 Bh6 25.Rxd3 cxd3 26.Qxd3 Qe7 27.Re1 Rcd8 28.g3 h4 29.
f4 hxg3 30.Qxg3 Bg7 31.e5 dxe5 32.d6 Rxd6 33.Nxd6 Qxd6 34.fxe5 Qa3 35.Re3 
Rd8 36.Kg2 Qxa4 37.Qf3 Qc2+ 38.Re2 Qd1 39.Rf2 Qd7 40.Rd2 Qc8 41.Rxd8+ Qxd8
42.Qxb7 1/2-1/2

[Event "12th Capablanca Memorial"]
[Site "Cienfuegos CUB"]
[Date "1975.03.08"]
[Round "4"]
[White "Sydor, Andrzej"]
[Black "Estevez Morales, Guillermo"]
[Result "1/2-1/2"]
[WhiteElo "2395"]
[BlackElo "2330"]
[EventDate "1975.03.05"]
[WhiteFideId "-1"]
[BlackFideId "-1"]
[PlyCount "51"]
[Beauty "6598009294855"]
[GameId "272191863027"]
[EventType "tourn"]
[EventRounds "17"]
[EventCountry "CUB"]
[EventCategory "8"]
[SourceTitle "EXT 1998"]
[Source "ChessBase"]
[SourceDate "1997.11.17"]
[SourceVersion "1"]
[SourceVersionDate "1997.11.17"]
[SourceQuality "1"]

1.d4 Nf6 2.Bg5 c5 3.dxc5 Ne4 4.Bh4 Qa5+ 5.c3 Qxc5 6.Nd2 Nxd2 7.Qxd2 Nc6 8.
e4 d6 9.f4 g6 10.Bf2 Qa5 11.Bc4 Bh6 12.Ne2 O-O 13.Be3 Qc7 14.Bd3 Bg7 15.
O-O Bd7 16.Rac1 Rac8 17.c4 Qa5 18.Nc3 Bd4 19.Bxd4 Nxd4 20.Qf2 Nc6 21.b3 
Qc5 22.Rfd1 Bg4 23.Be2 Bxe2 24.Nxe2 Rfd8 25.Nc3 Kf8 26.Rd2 1/2-1/2

[Event "12th Capablanca Memorial"]
[Site "Cienfuegos CUB"]
[Date "1975.03.09"]
[Round "5"]
[White "Estevez Morales, Guillermo"]
[Black "Ermenkov, Evgeny"]
[Result "1-0"]
[WhiteElo "2330"]
[BlackElo "2450"]
[EventDate "1975.03.05"]
[WhiteFideId "-1"]
[BlackFideId "-1"]
[PlyCount "77"]
[Beauty "7770669613605"]
[GameId "272191863028"]
[EventType "tourn"]
[EventRounds "17"]
[EventCountry "CUB"]
[EventCategory "8"]
[SourceTitle "EXT 1998"]
[Source "ChessBase"]
[SourceDate "1997.11.17"]
[SourceVersion "1"]
[SourceVersionDate "1997.11.17"]
[SourceQuality "1"]

1.d4 Nf6 2.c4 c5 3.d5 e6 4.Nc3 exd5 5.cxd5 d6 6.e4 g6 7.f4 Bg7 8.Bb5+ Nfd7
9.Bd3 O-O 10.Nf3 Na6 11.O-O Rb8 12.Nd2 b5 13.a4 c4 14.Be2 b4 15.Nb5 c3 16.
Nc4 Nb6 17.bxc3 Nxc4 18.Bxc4 Nc5 19.e5 dxe5 20.cxb4 Ne4 21.Qe2 f5 22.Be3 
Bd7 23.Bxa7 Ra8 24.Bc5 exf4 25.Nc7 Kh8 26.Nxa8 Qxa8 27.Bxf8 Bd4+ 28.Kh1 
Qxf8 29.Rxf4 Qh6 30.Rxe4 fxe4 31.Rd1 Be5 32.g3 Bf5 33.d6 Qh3 34.Qf1 Qg4 
35.d7 Bf6 36.d8=Q+ Bxd8 37.Rxd8+ Kg7 38.Qf4 Qd1+ 39.Rxd1 1-0

[Event "12th Capablanca Memorial"]
[Site "Cienfuegos CUB"]
[Date "1975.03.09"]
[Round "5"]
[White "Garcia Gonzales, Guillermo"]
[Black "Sydor, Andrzej"]
[Result "0-1"]
[WhiteElo "2485"]
[BlackElo "2395"]
[EventDate "1975.03.05"]
[WhiteFideId "-1"]
[BlackFideId "-1"]
[PlyCount "150"]
[Beauty "5567351357960"]
[GameId "272191863029"]
[EventType "tourn"]
[EventRounds "17"]
[EventCountry "CUB"]
[EventCategory "8"]
[SourceTitle "EXT 1998"]
[Source "ChessBase"]
[SourceDate "1997.11.17"]
[SourceVersion "1"]
[SourceVersionDate "1997.11.17"]
[SourceQuality "1"]

1.Nf3 d5 2.c4 c6 3.b3 Nf6 4.Bb2 Bf5 5.g3 Nbd7 6.Bg2 e6 7.O-O h6 8.d3 Bc5 
9.a3 a5 10.Nbd2 O-O 11.Ra2 Re8 12.Qa1 Bf8 13.Ne5 Nxe5 14.Bxe5 Qe7 15.e4 
dxe4 16.dxe4 Bg6 17.Bc3 e5 18.Re1 Qc7 19.b4 axb4 20.axb4 Rxa2 21.Qxa2 Nd7 
22.Qb2 f6 23.Ra1 Bf7 24.Bf1 Rd8 25.Ra7 Qc8 26.Qa1 Bd6 27.c5 Bb8 28.Ra8 Nf8
29.Nc4 Qd7 30.Ra2 Qd1 31.Qxd1 Rxd1 32.Ra1 Rxf1+ 33.Kxf1 Bxc4+ 34.Ke1 Ba6 
35.Kd2 Kf7 36.Ke3 Ne6 37.h4 h5 38.Ra2 Bc7 39.f3 Ke7 40.Rf2 Bc4 41.f4 exf4+
42.gxf4 Ke8 43.Be1 g5 44.hxg5 fxg5 45.fxg5 Bg3 46.Rc2 Bf4+ 47.Kf2 Bd3 48.
Ra2 Bxg5 49.Bd2 Bxd2 50.Rxd2 Bxe4 51.Ke3 Bf5 52.Rf2 Bg4 53.Rf6 Ke7 54.Rh6 
Nd8 55.Rh8 Nf7 56.Ra8 Nd8 57.Kf4 Kd7 58.Ra2 Ne6+ 59.Ke5 Nc7 60.Rf2 Ke7 61.
Rh2 Na6 62.Rh1 Kd7 63.Rf1 Nxb4 64.Rf7+ Kc8 65.Rf8+ Kc7 66.Rf7+ Kb8 67.Kd6 
Nd5 68.Rf8+ Ka7 69.Rh8 Nc3 70.Ke5 Ka6 71.Kd4 Nb5+ 72.Ke5 Ka5 73.Rh7 Kb4 
74.Rxb7 Kxc5 75.Rf7 Kc4 0-1

[Event "12th Capablanca Memorial"]
[Site "Cienfuegos CUB"]
[Date "1975.03.09"]
[Round "5"]
[White "Garcia Martinez, Silvino"]
[Black "Pesantes Carbajal, Carlos"]
[Result "1/2-1/2"]
[WhiteElo "2445"]
[BlackElo "2330"]
[EventDate "1975.03.05"]
[WhiteFideId "-1"]
[BlackFideId "-1"]
[PlyCount "131"]
[Beauty "4884451558409"]
[GameId "272191863030"]
[EventType "tourn"]
[EventRounds "17"]
[EventCountry "CUB"]
[EventCategory "8"]
[SourceTitle "EXT 1998"]
[Source "ChessBase"]
[SourceDate "1997.11.17"]
[SourceVersion "1"]
[SourceVersionDate "1997.11.17"]
[SourceQuality "1"]

1.Nf3 d5 2.g3 Nf6 3.Bg2 Nbd7 4.c4 c6 5.d4 e6 6.Qc2 Bd6 7.O-O O-O 8.Nbd2 e5
9.cxd5 cxd5 10.dxe5 Bxe5 11.Nxe5 Nxe5 12.Nf3 Nc6 13.Be3 Be6 14.Nd4 Rc8 15.
Nxc6 Rxc6 16.Qa4 a6 17.Rac1 Bd7 18.Qb3 Rxc1 19.Rxc1 Bc6 20.Bd4 Ne4 21.Qc2 
Qg5 22.Rd1 Re8 23.Qc1 Qh5 24.Bf3 Qg6 25.Qf4 Ng5 26.Kg2 h6 27.h4 Nxf3 28.
exf3 Re2 29.Rd2 Re1 30.Qg4 Kh7 31.Qxg6+ Kxg6 32.h5+ Kxh5 33.Bxg7 Kg6 34.
Bc3 Re8 35.Rd4 h5 36.Rd3 Re6 37.Rd4 Re8 38.Rd2 Kf5 39.Kh3 Re6 40.Rd4 Kg6 
41.g4 f5 42.Rd3 fxg4+ 43.fxg4 Re4 44.gxh5+ Kxh5 45.f3 Rc4 46.Kg3 Rh4 47.
Re3 Rh1 48.Kf4 Kg6 49.Bd4 Rh4+ 50.Ke5 Rh5+ 51.Ke6 Rf5 52.Rd3 Bb5 53.Re3 
Bc6 54.Rb3 Rf4 55.Be5 Rf8 56.f4 Re8+ 57.Kd6 Kf5 58.Kc5 Rg8 59.Re3 Rg2 60.
Re1 Rc2+ 61.Kd6 Rd2 62.Kc5 Rc2+ 63.Kd6 Rc4 64.Rd1 a5 65.a3 a4 66.Ke7 
1/2-1/2

[Event "12th Capablanca Memorial"]
[Site "Cienfuegos CUB"]
[Date "1975.03.09"]
[Round "5"]
[White "Hernandez, Jose de Jesus"]
[Black "Andersson, Ulf"]
[Result "0-1"]
[WhiteElo "2310"]
[BlackElo "2565"]
[EventDate "1975.03.05"]
[WhiteFideId "-1"]
[BlackFideId "-1"]
[PlyCount "48"]
[Beauty "8247679385605"]
[GameId "272191862977"]
[EventType "tourn"]
[EventRounds "17"]
[EventCountry "CUB"]
[EventCategory "8"]
[SourceTitle "EXT 1998"]
[Source "ChessBase"]
[SourceDate "1997.11.17"]
[SourceVersion "1"]
[SourceVersionDate "1997.11.17"]
[SourceQuality "1"]

1.d4 Nf6 2.c4 e6 3.Nf3 b6 4.g3 Ba6 5.Qa4 c5 6.Bg2 Bb7 7.O-O cxd4 8.Nxd4 
Bxg2 9.Kxg2 Be7 10.Nc3 O-O 11.Rd1 Qc8 12.f3 Na6 13.Be3 Rd8 14.Rac1 Qb7 15.
Kg1 Nc5 16.Qc2 Rac8 17.Rd2 d6 18.Rcd1 a6 19.g4 Ncd7 20.g5 Ne8 21.Qb3 Ne5 
22.c5 dxc5 23.Nxe6 Rxd2 24.Rxd2 c4 0-1